|
|
|
|
| LEADER |
00000nam a22000007a 4500 |
| 003 |
Ucuenca |
| 005 |
20230308225409.0 |
| 008 |
171011b1987 mx ||||| |||| 00| 0 spa d |
| 020 |
|
|
|a 968-409-370-5
|
| 040 |
|
|
|b spa
|
| 041 |
0 |
|
|a spa
|
| 082 |
|
|
|a 973
|
| 110 |
1 |
|
|9 211343
|a Susman, Warren I.
|
| 245 |
|
3 |
|a La cultura como historia: trasformación de la Sociedad estadounidense en el siglo veinte
|c Warren I. Susman
|h imp
|
| 264 |
|
|
|a México
|b Edamex
|c Edamex
|
| 300 |
|
|
|a 367 páginas:
|c 21 cm
|
| 504 |
|
|
|a incl. ref.
|
| 650 |
|
0 |
|a Cultura
|9 146
|
| 650 |
|
0 |
|a Civilización
|9 9035
|
| 650 |
|
0 |
|9 5497
|a Estados unidos
|
| 942 |
|
|
|c BK
|z vanessa.morales@ucuenca.edu.ec
|
| 999 |
|
|
|c 152495
|d 152495
|